000 00438nam a22001697a 4500
005 20251108170650.0
008 250721s9999 xx 000 0 eng d
082 1 4 _a891.51/Oma
100 1 _aOmar, Khayyam
245 1 4 _aThe Rubaiyat of Omar Khayyam /
264 1 _aCairo :
_bArab bookshop,
_c[19-].
300 _a167p
650 1 7 _aPersian poetry
700 1 _aFitzgerald, Edward
_etranslated by
942 _2ddc
_cBK
999 _c46099
_d46099